书目信息 |
| 题名: |
黑白电视机故障速修2800例
|
|
| 作者: | 何建军 , 小凡 编著 | |
| 分册: | ||
| 出版信息: | 北京 中国计量出版社 1999.04 |
|
| 页数: | 381页 | |
| 开本: | 16开 | |
| 丛书名: | ||
| 单 册: | ||
| 中图分类: | TN949.11 | |
| 科图分类: | ||
| 主题词: | 电视--各种体制 | |
| 电子资源: | ||
| ISBN: | 7-5026-1187-8 | |
| 000 | 00628nam0 2200205 45 | |
| 001 | 1009090051 | |
| 005 | 20100909004349.7 | |
| 010 | @a7-5026-1187-8@d44.00+44 | |
| 100 | @a20100909d1999 km y0chiy0120 ea | |
| 101 | 0 | @achi |
| 105 | @a z 000yy | |
| 200 | 1 | @a黑白电视机故障速修2800例@AHei Bai Dian Shi Ji Gu Zhang Su Xiu 2800 Li@f何建军,小凡编著@FHe Jian Jun,Xiao Fan Bian Zhu |
| 210 | @a北京@c中国计量出版社@d1999.04 | |
| 215 | @a381页@d16开 | |
| 606 | 0 | @a电视@x各种体制 |
| 690 | @aTN949.11@v3 | |
| 701 | 0 | @a何建军@4编著 |
| 701 | 0 | @a小凡@4编著 |
| 801 | @aCN@bPftUser@c20100909 | |
| 905 | @b134615-619@dTN949.11@eH347@f5 | |
| 黑白电视机故障速修2800例/何建军,小凡编著.-北京:中国计量出版社,1999.04 |
| 381页;16开 |
| ISBN 7-5026-1187-8:44.00+44 |
| ● |
| 相关链接 |
|
|
|
正题名:黑白电视机故障速修2800例
索取号:TN949.11/H347
 
预约/预借
| 序号 | 登录号 | 条形码 | 馆藏地/架位号 | 状态 | 备注 |
| 1 | 134615 | 201346150 | 自科二线404/301自科库 100排2列3层/ [索取号:TN949.11/H347] | 在馆 | |
| 2 | 134616 | 201346169 | 自科二线504/504自科库 8排1列4层/ [索取号:TN949.11/H347] | 在馆 | |
| 3 | 134617 | 201346178 | 自科二线404/301自科库 100排2列3层/ [索取号:TN949.11/H347] | 在馆 | |
| 4 | 134618 | 201346187 | 自科二线404/404自科库 24排1列6层/ [索取号:TN949.11/H347] | 在馆 | |
| 5 | 134619 | 201346196 | 自科二线504/504自科库 8排1列4层/ [索取号:TN949.11/H347] | 在馆 |